[Event "Innsbruck op-B 3rd"]
[Site "Innsbruck"]
[Date "2019.09.01"]
[Round "9"]
[White "Kublanov, Carolin"]
[Black "Ebenbichler, Klaus"]
[Result "1-0"]
[WhiteElo "1703"]
[BlackElo "1821"]
[PlyCount "85"]
[EventDate "2019.08.25"]
[EventType "swiss"]
[EventRounds "9"]
[EventCountry "AUT"]
[SourceTitle "EXT 2020"]
[Source "ChessBase"]
[SourceDate "2019.10.17"]
[SourceVersion "1"]
[SourceVersionDate "2019.10.17"]
[SourceQuality "1"]

1. e4 c6 2. d4 d5 3. e5 c5 4. c3 Nc6 5. Be3 a5 6. f4 Nh6 7. dxc5 Bf5 8. Bb5 Ng4 9. Bd4 e6 10. Nf3 Be7 11. 0-0 h5 12. Nbd2 Kf8 13. Qe2 g6 14. Rac1 Kg7 15. Kh1 Bh4 16. Nxh4 Qxh4 17. Nf3 Qe7 18. Bg1 h4 19. h3 Nh6 20. Ng5 Ng8 21. Rfe1 Rh5 22. Qd2 Nh6 23. Rcd1 Rd8 24. Be2 Rxg5 25. fxg5 Ng8 26. Bb5 Qc7 27. Qf4 Nge7 28. Qxh4 Rh8 29. Qg3 Be4 30. Rxe4 dxe4 31. Qf4 Nf5 32. Bh2 Qe7 33. g4 Rh4 34. Qf2 Qxg5 35. gxf5 exf5 36. Rg1 Qh5 37. Bxc6 bxc6 38. b4 Rxh3 39. bxa5 Rxc3 40. a6 Ra3 41. e6 Rxa6 42. Qd4+ Kh6 43. Qh8# 1-0

[Event "Wolfsberg op"]
[Site "Wolfsberg"]
[Date "2014.12.28"]
[Round "2"]
[White "Ebenbichler, Klaus"]
[Black "Koban, Markus"]
[Result "0-1"]
[WhiteElo "1699"]
[BlackElo "1929"]
[PlyCount "140"]
[EventDate "2014.12.27"]
[EventType "swiss"]
[EventRounds "5"]
[EventCountry "AUT"]
[SourceTitle "CBM 164 Extra"]
[Source "ChessBase"]
[SourceDate "2015.03.02"]
[SourceVersion "1"]
[SourceVersionDate "2015.03.02"]
[SourceQuality "1"]

1. Nf3 Nf6 2. g3 g6 3. Bg2 Bg7 4. d3 d5 5. Nbd2 0-0 6. 0-0 Re8 7. c3 e5 8. e4 Nc6 9. Qc2 Be6 10. Re1 dxe4 11. dxe4 Qd7 12. Ng5 Rad8 13. Nxe6 Qxe6 14. Nf3 Rd6 15. Be3 Red8 16. Ng5 Qd7 17. Bh3 Qe8 18. Nf3 b6 19. Nd2 Na5 20. b4 Nb7 21. f3 c5 22. Nc4 Rc6 23. b5 Rc7 24. a4 Nd6 25. Nxd6 Rxd6 26. Red1 Bf8 27. Bg5 Rxd1+ 28. Rxd1 Be7 29. Qd3 Nh5 30. Bxe7 Rxe7 31. Qd6 Ng7 32. Rd5 f5 33. Qd8 Kf7 34. Kf2 Qxd8 35. Rxd8 Ne6 36. Rd6 Ng5 37. Bg2 fxe4 38. fxe4 Rc7 39. Ke3 c4 40. h4 Ne6 41. Bf3 Nc5 42. Bd1 Ke7 43. Rd5 Kf6 44. Rd6+ Ke7 45. Rd5 Ke6 46. Bg4+ Kf6 47. Bd1 Nd3 48. Bc2 Nc5 49. Bd1 Rd7 50. Rxd7 Nxd7 51. Bc2 Nc5 52. Ke2 g5 53. Kf3 gxh4 54. gxh4 h6 55. Ke3 Kg6 56. Bd1 Nd3 57. Be2 Nb2 58. Kd2 Nxa4 59. Bxc4 Kh5 60. Be6 Kxh4 61. Bf5 Kg5 62. Kd3 Kf4 63. Kc4 Nb2+ 64. Kd5 Nd1 65. Kc6 Nxc3 66. Bg6 Nxe4 67. Kb7 Nd6+ 68. Kxa7 Nxb5+ 69. Kxb6 Nd6 70. Kc5 Ne4+ 0-1